000
00230nam a2200097Ia 4500
005
20251222114410.0
008
251222s1900||||xx |||||||||||||| ||spa||
082
_a
DVD0070/K53/T.3
245
0
_a
Santificarás las fiestas:
942
_c
DVD
999
_c
2016
_d
2016